000 00339 a2200157 4500
001 168957
020 _a
040 _cMagnum
100 _aKramer, Sonia
240 1 0 _aAlfabetizacao: leitura e escrita
_lpor
245 1 0 _aAlfabetizacao: leitura e escrita
362 0 _a1899
440 1 _aÁtica
697 _aPEDAGOGIA
942 _cBK
999 _c168957
_d168957